|
|
|
|
| LEADER |
01262nam a2200301 a 4500 |
| 001 |
14428262 |
| 008 |
100830r20061994cauae b 000 0 eng d |
| 999 |
|
|
|c 9418
|d 9418
|
| 010 |
|
|
|a 2006929923
|
| 020 |
|
|
|a 0974621471
|
| 020 |
|
|
|a 9780974621470
|
| 040 |
|
|
|a HLS
|c HLS
|d YDXCP
|d BAKER
|d WAU
|d IAY
|d BTCTA
|d DLC
|d DB-DhAAL
|
| 082 |
1 |
4 |
|a 720
|2 22
|
| 100 |
1 |
|
|a Holl, Steven.
|9 32312
|
| 245 |
1 |
0 |
|a Questions of perception :
|b phenomenology of architecture /
|c [Steven Holl, Juhani Pallasmaa, Alberto Pérez-Gómez].
|
| 250 |
|
|
|a [New ed.]
|
| 260 |
|
|
|a San Francisco, CA :
|b William Stout,
|c c2006.
|
| 300 |
|
|
|a 155 p. :
|b ill. (some col.), plans ;
|c 24 cm.
|
| 500 |
|
|
|a A republication of the 1994 A + U publication, with a new introduction by Steven Holl.
|
| 504 |
|
|
|a Includes bibliographical references (p. 153).
|
| 526 |
|
|
|a ARC
|
| 541 |
1 |
|
|e 00020869
|
| 650 |
|
0 |
|a Architecture, Modern
|y 20th century.
|9 32313
|
| 700 |
1 |
|
|a Pallasmaa, Juhani.
|9 32314
|
| 700 |
1 |
|
|a Pérez Gómez, Alberto,
|d 1949-
|9 32315
|
| 852 |
4 |
|
|a Ayesha Abed Library
|j General Shelf.
|
| 942 |
|
|
|2 ddc
|c BK
|
| 952 |
|
|
|0 0
|1 0
|2 ddc
|4 0
|6 720_HOL_200600000000000
|7 0
|9 11834
|a BRACUL
|b BRACUL
|c GEN
|d 2010-09-15
|e TRIM EDUCATION
|g 7550.00
|l 11
|m 102
|o 720 HOL
|p 3010020869
|r 2025-02-11
|s 2024-09-15
|t 1
|w 2010-09-15
|y BK
|